LDR 01026naa#a2200181#i#450# 001 RU\\bibl\117128 005 20260429111520.3 011 ## _a1994-4683 100 ## _a20260429b2026####ek#y0rusy0150####ca 102 ## _aRU 200 1# _aПрименение подвесных тренировочных систем в подготовке пловцов на этапе совершенствования спортивного мастерства _eЖурнальная статья 210 1# _aМосква _cНациональный государственный Университет физической культуры, спорта и здоровья им. П.Ф. Лесгафта _d2026 215 ## _a8 с. 608 ## _aЖурнальная статья _2local 675 ## _aПлавание без вспомогательных средств. 797.21 _z 700 #1 _aАлексеева _gАнастасия Сергеевна 700 #1 _aПисьменный _gАлександр Петрович 856 4# _auchzapiski.lesgaft.spb.ru _u